Clubs vainqueurs de la Ligue des Champions - Mort subite - Statistiques

Statistiques générales
  • Ce quiz a été pris 263 fois
  • Le résultat moyen est 15 sur 24
Answers on the Grid
Answers color-coded by a green-red scale on the quiz's grid according to % correct below.
AC Milan
Ajax Amsterdam
Arsenal
Aston Villa
Atalanta Bergame
Atlético de Madrid
Bayer Leverkusen
Bayern Munich
Berner Sport Club Young Boys
Beşiktaş
Borussia Dortmund
Borussia Mönchengladbach
Celtic
Chakhtar Donetsk
Chelsea
CSKA Moscou
Étoile Rouge de Belgrade
FC Barcelone
FC Porto
Fenerbahçe
Feyenoord
Fiorentina
Galatasaray
Girondins de Bordeaux
Glasgow Rangers
Hambourg
Internazionale
Juventus
Lazio
Leeds United
Liverpool
Manchester City
Manchester United
Nottingham Forest
Olympiakós
Olympique de Marseille
Olympique Lyonnais
Paris Saint-Germain
PSV Eindhoven
RB Leipzig
Real Madrid
Rome
RSC Anderlecht
Séville
SL Benfica
Slavia Prague
Sporting CP
Steaua Bucarest
Tottenham Hotspur
Zénith Saint-Pétersbourg
 
Statistiques - réponses
Réponse % Correct
AC Milan
99%
Ajax Amsterdam
92%
Bayern Munich
77%
Chelsea
71%
Borussia Dortmund
70%
FC Barcelone
70%
Olympique de Marseille
66%
Real Madrid
66%
FC Porto
65%
Liverpool
65%
Aston Villa
64%
Manchester City
64%
Juventus
63%
Paris Saint-Germain
61%
Manchester United
60%
Celtic
58%
Étoile Rouge de Belgrade
58%
Nottingham Forest
54%
Internazionale
52%
SL Benfica
49%
Feyenoord
46%
Steaua Bucarest
42%
Hambourg
39%
PSV Eindhoven
39%
Aucun quiz correspondant
Distribution des résultats
% des personnes avec chaque résultat
Percentile par nombre de réponses
Votre historique - résultats
Vous n’avez pas pris ce quiz